| 000 | 00507nam a2200169Ia 4500 | ||
|---|---|---|---|
| 008 | 230917s9999||||xx |||||||||||||| ||und|| | ||
| 020 | _cUSD89 | ||
| 040 |
_e235832 _aMAIN |
||
| 041 | _aEnglish | ||
| 082 | _a570.11 C673E | ||
| 100 | _aCold Spring Harbor Laboratory Press | ||
| 245 | 0 | _aEmerging model organisms: A laboratory manual, | |
| 260 |
_aNew York _bCold Spring Harbor Laboratory Press _c2009 |
||
| 300 | _ax, 592 p. | ||
| 500 | _a2459 22/11/2016 RBP17/62750 09/12/2016 Main Budget | ||
| 942 | _cBK | ||
| 999 |
_c19812 _d19812 |
||